Statistics for Second Major Ministry 1995

Click here to take the quiz!

General Stats

  • This quiz has been taken 2 times
  • The average score is 5 of 23

Answer Stats

HintAnswer% Correct
Prime MinisterJohn Major
100%
Secretary for TradeIan Lang
50%
Secretary for EnvironmentJohn Gummer
50%
Chancellor of the ExchequerKen Clarke
50%
Foreign SecretaryMalcolm Rifkind
50%
Deputy Prime MinisterMichael Heseltine
50%
Home SecretaryMichael Howard
50%
Secretary for DefenceMichael Portillo
50%
Secretary for Social SecurityPeter Lilley
50%
Chief WhipAlistair Goodlad
0%
Party CharimanBrian Mawhinney
0%
Minister Agriculture, Fisheries & FoodDouglas Hogg
0%
Secretary for TransportGeorge Young
0%
Secretary for EducationGillian Shephard
0%
Lord ChancellorJames Mackay
0%
Leader of the House of LordsJohn Gascoyne-Cecil
0%
Secretary for ScotlandMichael Forsyth
0%
Secretary for Northern IrelandPatrick Mayhew
0%
Chancellor of the Duchy of LancasterRoger Freeman
0%
Secretary for HealthStephen Dorrell
0%
Secretary for National HeritageVirginia Bottomley
0%
Secretary for WalesWilliam Hague
0%
Chief Secretary for the TreasuryWilliam Waldegrave
0%

Score Distribution

Percentile by Number Answered

Percent of People with Each Score

Your Score History

You have not taken this quiz